| 000 | 00495nam a22001697a 4500 | ||
|---|---|---|---|
| 003 | NUST - PNEC | ||
| 005 | 20170116180853.0 | ||
| 008 | 150826b xxu||||| |||| 00| 0 eng d | ||
| 020 | _a0134524357 | ||
| 040 | _cLIBRARY | ||
| 082 | _a003.8501 ROB | ||
| 100 |
_95933 _aRobbins Tom |
||
| 245 |
_aThe student edition of Simulink : dynamic system simulation for technical education : user's guide _cTom Robbins |
||
| 260 | _cc.1996 | ||
| 650 |
_95812 _aComputer simulation _xMIS |
||
| 942 |
_2ddc _cBK |
||
| 999 |
_c64687 _d64687 |
||